El blues del aprendiz /
Kaydedildi:
| Yazar: | |
|---|---|
| Materyal Türü: | Bilinmiyor |
| Dil: | Spanish |
| Baskı/Yayın Bilgisi: |
San José, Costa Rica :
Editorial de la Universidad de Costa Rica,
1991.
|
| Konular: | |
| Etiketler: |
Etiketle
Etiket eklenmemiş, İlk siz ekleyin!
|
MARC
| LEADER | 000000000a22000000004500 | ||
|---|---|---|---|
| 001 | 002097 | ||
| 008 | 150528s1991 cr |r|||| 000 p spa d | ||
| 020 | |a 9977671796 | ||
| 041 | 0 | |a español | |
| 082 | |a CR861.4 |b V455b | ||
| 100 | 1 | |a Venegas Castaing, Jorge Arturo | |
| 245 | 1 | 3 | |a El blues del aprendiz / |c Jorge Arturo |
| 260 | |a San José, Costa Rica : |b Editorial de la Universidad de Costa Rica, |c 1991. | ||
| 300 | |a 81 páginas | ||
| 500 | |a Número de inscripción 01407 | ||
| 650 | 1 | 4 | |a LITERATURA COSTARRICENSE |v POESIA |
| 942 | |2 ddc |c BK | ||
| 999 | |c 2967 |d 2967 | ||



